La corrupción en el Magisterio reciente de la Iglesia Católica/

Gespeichert in:
Bibliographische Detailangaben
1. Verfasser: Bonnín Barceló, Eduardo Sch.P
Format: Buch
Sprache:Spanish
Tags: Tag hinzufügen
Keine Tags, Fügen Sie den ersten Tag hinzu!

MARC

LEADER 00000nam a22000007a 4500
003 cru CRAI/IIS
005 20200305062535.0
008 200304s2013 mx |||||r|||||||| ||spa|d
999 |c 42974  |d 42974 
040 |c cru CRAI/IIS 
100 1 |a Bonnín Barceló, Eduardo  |c Sch.P.  |9 9111 
245 1 3 |a La corrupción en el Magisterio reciente de la Iglesia Católica/  |c Eduardo Bonnín Barceló 
300 |a páginas 111-119 
500 |a Revista volumen 23, número 1, 2013 
942 |2 ddc  |c LI 
773 0 |0 42835  |9 4286  |d Provincia de Santiago, México: Frailes Dominicos, enero-junio 2013  |o 18527  |t Aná Mnesis: